Address of Generals Johnston and Beauregard, after the battle of Manassas, to the soldiers.

Bibliographic Details
Main Author: Johnston, Joseph E. (Joseph Eggleston), 1807-1891
Corporate Author: Confederate States of America. Army of the Potomac
Other Authors: Beauregard, G. T. (Gustave Toutant), 1818-1893
Format: Microform Book
Language:English
Published: [Place of publication not identified] : [publisher not identified], [1861]
Series:Confederate imprints, 1861-1865 ; reel 11, no. 692-3.
Subjects:

MARC

Tag First Indicator Second Indicator Subfields
LEADER 00000cam a2200000 a 4500
001 in00001194921
005 20151002063024.0
007 hd afv---baca
008 890719s1861 xx a f000 0 eng d
035 |a (OCoLC)20031695 
035 |9 AGJ7150AM 
040 |a FEI  |c FEI  |d UtOrBLW 
043 |a n-usu--  |a n-us-va 
049 |a TXAI 
090 |a E487  |b .C66 1974 reel 11 no. 692-3 
099 |a Film   |a  B 1664  |a reel 11, no. 692-3. 
100 1 |a Johnston, Joseph E.  |q (Joseph Eggleston),  |d 1807-1891. 
245 1 0 |a Address of Generals Johnston and Beauregard, after the battle of Manassas, to the soldiers. 
264 1 |a [Place of publication not identified] :  |b [publisher not identified],  |c [1861] 
300 |a 1 broadside ;  |c 37 x 14 cm. 
336 |a text  |b txt  |2 rdacontent 
337 |a microform  |b h  |2 rdamedia 
338 |a microfilm reel  |b hd  |2 rdacarrier 
500 |a "Headquarters Army of the Potomac, Manassas, July 25, 1861." 
500 |a Caption title. 
500 |a Signed at end: Joseph E. Johnston, G.T. Beauregard. 
500 |a Filmed from the holdings of the Museum of the Confederacy, Richmond, Virginia. 
533 |a Microfilm.  |b New Haven, Conn. :  |c Research Publications,  |d [1974].  |e On reel 11 of 143 microfilm reels ; 35 mm.  |f (Confederate imprints, 1861-1865 ; reel 11, no. 692-3). 
539 |a s  |b 1974  |d ctu  |e n 
500 |a Microform. 
650 0 |a Bull Run, 1st Battle of, Va., 1861. 
700 1 |a Beauregard, G. T.  |q (Gustave Toutant),  |d 1818-1893. 
710 1 |a Confederate States of America.  |b Army of the Potomac. 
830 0 |a Confederate imprints, 1861-1865 ;  |v reel 11, no. 692-3. 
999 |a MARS 
999 f f |s 154eef7c-a5eb-3a96-87ef-698e413b18c2  |i da3fbb30-2fdd-38cf-b322-9337b46871e6  |t 0 
952 f f |p default  |a Texas A&M University  |b College Station  |c Sterling C. Evans Library  |d Evans: Microforms (3rd floor)  |t 0  |e Film B 1664 reel 11, no. 692-3.  |h Other scheme  |i microform -- microfilm reel 
998 f f |a Film B 1664 reel 11, no. 692-3.  |t 0  |l Evans: Microforms (3rd floor)